Loading...
Basheer ezhuthiya kathukal/
| Main Author: | |
|---|---|
| Format: | Printed Book |
| Language: | English |
| Published: |
Kottayam:
D.C.Books,
2010.
|
| Subjects: |
| LEADER | 00545 a2200157 4500 | ||
|---|---|---|---|
| 008 | 150103s9999 000 0 eng | ||
| 020 | |a 9788126427857 | ||
| 082 | |a 816 | ||
| 100 | |a Muhammed Basheer, Vaikom. | ||
| 245 | |a Basheer ezhuthiya kathukal/ | ||
| 260 | |a Kottayam: |b D.C.Books, |c 2010. | ||
| 300 | |a 378 p.; | ||
| 650 | |a Letters-Malayalam | ||
| 942 | |c BK | ||
| 999 | |c 307061 |d 307061 | ||
| 952 | |0 0 |1 0 |2 ddc |4 0 |6 M_816_000000000000000_BAS_BA |7 0 |9 352277 |a DRA |b DRA |c ST1 |d 2013-06-26 |i 8261 |l 6 |o M 816 BAS/BA |p DRA8261 |r 2018-02-09 |s 2018-01-01 |v 195.00 |w 2013-06-26 |y BK | ||